000 00549nam a2200145 4500
001 127779
003 ES-MaACL
007 t|
008 070214s1910 ag r ||||1| spa d
100 1 _aRivarola, Rodolfo.
_997546
245 1 0 _aDerecho penal argentino
_b: parte general : tratado general y de la legislación actual comparada con las reformas proyectadas y con legislaciones de lengua española /
_cpor Rodolfo Rivarola.
260 _aBuenos Aires :
_bHijos de Reus,
_c1910.
300 _aXIX, 653 p. ;
_c25 x 17 cm.
852 _aES-MaACL
_jG-5866
999 _c127779
_d127779